Statistics for Top Latin-Based World Languages

Click here to take the quiz!

General Stats

  • This quiz has been taken 133 times
  • The average score is 12 of 21

Answer Stats

# Language % Correct
405 milSpanish
99%
74 milFrench
98%
215 milPortuguese
98%
60 milItalian
93%
360 milEnglish
89%
89 milGerman
88%
24 milRomanian
75%
21 milDutch
74%
40 milPolish
69%
24 milIg{bo}
54%
25 milFu{la}
48%
63 milTurkish
46%
77 milIndonesian
42%
28 milTagalog
41%
76 milVietnamese
40%
34 milHa{usa}
31%
26 milSwahili
29%
24 milOr{omo}
21%
82 milJavanese
14%
23 milAzerbaijani
10%
26 milUzbek
9%

Score Distribution

Percentile by Number Answered

Percent of People with Each Score

Your Score History

You have not taken this quiz